| 000 | 01449nam a22003737a 4500 | ||
|---|---|---|---|
| 001 | 377 | ||
| 003 | FISKH | ||
| 005 | 20231211141109.0 | ||
| 008 | 230330b cb ||||| |||| 00| 0 eng d | ||
| 020 | _a9780545395274 | ||
| 040 |
_aDLC _cDLC _dDLC _dFISKH _beng |
||
| 042 |
_alcac _apcc |
||
| 050 | 0 | 0 |
_aPZ7.W42235 _bPie 2011 |
| 082 | 0 | 0 |
_a813.6 _223 |
| 100 | 1 | _aWeeks, Sarah. | |
| 245 | 1 | 0 |
_aPie / _cSarah Weeks. |
| 250 | _aThis edition first printing, September 2011 | ||
| 260 |
_aNew York : _bScholastic. _c2011. |
||
| 300 |
_a183 p. ; _c20 cm. |
||
| 505 | _aS | ||
| 520 | _aAfter the death of Polly Portman, whose award-winning pies put the town of Ipswitch, Pennsylvania, on the map in the 1950s, her devoted niece Alice and Alice's friend Charlie investigate who is going to extremes to find Aunt Polly's secret pie crust recipe. Includes fourteen pie recipes. | ||
| 521 | 8 |
_a930
_bLexile |
|
| 521 | 8 |
_aS
_bRaz-Plus |
|
| 650 | 1 |
_aPies _vFiction. |
|
| 650 | 1 |
_aBakers and bakeries _vFiction. |
|
| 650 | 1 |
_aFormulas, recipes, etc. _vFiction. |
|
| 650 | 1 |
_aFamily life _zPennsylvania _vFiction. |
|
| 650 | 1 |
_aMothers and daughters _vFiction. |
|
| 650 | 1 | _aMystery and detective stories. | |
| 651 | 1 |
_aPennsylvania _xHistory _y20th century _vFiction. |
|
| 906 |
_a7 _bcbc _corignew _d1 _eecip _f20 _gy-gencatlg |
||
| 942 |
_2ddc _cBK _n0 |
||
| 999 |
_c377 _d377 |
||